| 000 | 00720nam a2200229Ia 4500 | ||
|---|---|---|---|
| 008 | 191130s2016##################000#0#eng## | ||
| 020 | _a9780415522021 | ||
| 040 |
_aACL _cACL |
||
| 082 | _a155.7 WOR | ||
| 100 | _aWorkman, Lance | ||
| 245 |
_aEvolution and behavior _cLance Workman and Will Reader |
||
| 260 |
_aAbingdon, Oxen ; New York _bRoutledge, Taylor & Francis Group _c2016 |
||
| 300 | _axi, 281 p ; 22 cm | ||
| 500 | _aIncludes bibliographical references (pages 255-271) and indexes | ||
| 650 | _aBehavior evolution | ||
| 650 | _aEvolutionary psychology | ||
| 650 | _aHuman evolution | ||
| 700 | _aReader, Will | ||
| 990 | _a992c2594ac100b461465f242aff04a4f | ||
| 991 | _a452297 | ||
| 999 |
_c261567 _d261567 |
||